IBM Electronic Circuit Analysis Program : techniques and applications /
Guardado en:
| Autor Principal: | |
|---|---|
| Otros Autores: | |
| Formato: | Libro |
| Idioma: | English |
| Publicado: |
Englewood Cliffs, N.J. :
Prentice-Hall,
c1968.
|
| Series: | Series in computer applications in electrical engineering
Prentice-Hall EE series |
| Etiquetas: |
Agregar Etiqueta
Sin Etiquetas, Sea el primero en etiquetar este registro!
|
| LEADER | 00669nam a22001815 4500 | ||
|---|---|---|---|
| 001 | MAT.inmabb002125 | ||
| 008 | 700928s1968####njua##########001#0#eng#d | ||
| 005 | 20170607143706.0 | ||
| 245 | 1 | 0 | |a IBM Electronic Circuit Analysis Program : |b techniques and applications / |c Randall W. Jensen, Mark D. Lieberman. |
| 260 | |a Englewood Cliffs, N.J. : |b Prentice-Hall, |c c1968. | ||
| 300 | |a xiv, 401 p. : |b il. ; |c 25 cm. | ||
| 490 | 0 | |a Series in computer applications in electrical engineering | |
| 490 | 0 | |a Prentice-Hall EE series | |
| 100 | 1 | |a Jensen, Randall W. | |
| 700 | 1 | |a Lieberman, Mark D. | |
| 084 | |a 68U07 |2 msc2000 | ||
| 010 | |a 68018515 | ||
| 859 | |h 68 |i J54i |p A-3782 |b BIB. MATEMATICA | ||
